Думки летять на Україну: народні вірші (Запис № 371245)

МАРК-запис
000 -Лідер
fixed length control field 00749nam a22002417a 4500
001 - Контрольний номер
control field 84887
003 - Ідентифікатор контрольного номера
control field UA-OsUOA
005 - Дата та час останнього входження (трансакції)
control field 20200109124715.0
007 - Фіксоване поле фізичного опису
fixed length control field ta
008 - Елементи даних фіксованої довжини – загальна інформація
fixed length control field 20120611b un ||||| |||| 00| 0 ukr d
040 ## - Джерело каталогізації
Агенція оригінальної каталогізації UA-OsUOA
Мова каталогізації ukr
Агенція, яка здійснювала перезапис UA-OsUOA
Агенція, яка здійснювала модифікацію UA-OsUOA
041 ## - Код мови
Код мови тексту/ звукової доріжки чи окремого заголовка (П) ukr
080 ## - Індекс Універсальної десяткової класифікації
Індекс Універсальної десяткової класифікації (УДК) (НП) 821.161.2
090 ## - Локальний шифр розміщення
Класифікаційний індекс УДК 821.161.2
Авторський знак (НП) М74
100 ## - Основне введення – ім’я особи
Ім’я особи (НП) Могилянка Д.
245 ## - Відомості про назву
Назва (НП) Думки летять на Україну: народні вірші
260 ## - Публікація, розповсюдження і т.п. (Вихідні дані)
Місце публікації, розповсюдження і т.п. (П) Едмонтон
Дата публікації, розповсюдження і т.п. (П) 1980
300 ## - Фізичний опис
Обсяг 123 с.
650 #7 - Додаткове предметне введення – тематичний термін
Тематичний термін чи географічна назва, як елемент введення (НП) 82 Література. Літературознавство
Джерело заголовка чи терміна UDC
942 ## - Додаткові елементи входу (Коха)
Тип елемента Koha Книги
Source of classification or shelving scheme Universal Decimal Classification
955 ## - Код типу видання за змістом
Код типу видання за змістом (НП) Літературно-художні видання
Фонди
Стан вилучень Стан втрат Джерело класифікації або схеми стелажів Стан уражень Не для кредиту Код колекції Постійне місце розташування Поточне розміщення Дата придбання Джерело придбання Вартість, звичайна ціна покупки Інвентарний номер Усього замовленно Повний номер виклику Штрих-код Дата останнього перегляду Ціна ефективна від Тип елемента Koha Примітка, призначена для загального доступу
    Universal Decimal Classification     Колекція бібліотеки інституту Св. Івана АБ - Абонемент НБ АБ - Абонемент НБ 11/06/2012 48/2012 3.00 139163   821.161.2 М74 139163 11/02/2022 11/06/2012 Книги  
Withdrawn   Universal Decimal Classification     Колекція бібліотеки інституту Св. Івана АБ - Абонемент НБ АБ - Абонемент НБ 11/06/2012 48/2012 3.00 139164   821.161.2 М74 139164 13/07/2019 11/06/2012 Книги  
    Universal Decimal Classification     Колекція бібліотеки інституту Св. Івана АБ - Абонемент НБ АБ - Абонемент НБ 11/06/2012 48/2012 3.00 139165   821.161.2 М74 139165 11/02/2022 11/06/2012 Книги  
    Universal Decimal Classification     Колекція бібліотеки інституту Св. Івана АБ - Абонемент НБ АБ - Абонемент НБ 15/06/2012 48/2012 3.00 139429   821.161.2 М74 139429 11/02/2022 11/06/2012 Книги з автографом Д. Могилянки
    Universal Decimal Classification       Наукова бібліотека ІДУД Наукова бібліотека ІДУД 31/05/2012 275/2012 1.00 2133452   82-1 М74 2133452 14/09/2019 31/05/2012 Книги